000 00260nam a22001097a 4500
999 _c153886
_d153886
082 _a
_b
245 _aHandbook of general studies/
_cby Kalpana Rajaram (ed.)
260 _a
_bSpectrum,
_c2010.
650 _a
700 _aKalpana Rajaram (ed.)
942 _cBK